000 00812nam a22002777a 4500
001 1911
003 CO-MdFUSB
005 20180622072724.0
008 170526t19461949xxu||||| |||| 00| 0 eng d
040 _aCO-MdFUSB
_bspa
_cCO-MdFUSB
_dCO-MdFUSBC
_erda
041 0 _aeng
082 0 4 _aG 220.93 H4653g
100 1 _aHeidel, Alexander (1907-1955)
_eautor
245 4 _aThe Gilgamesh Epic and Old Testament parallels
_c / Alexander Heidel
250 _a2
264 4 _aChicago, USA :
_bUniversity of Chicago,
_c©1946-1949
300 _a269 Pag
336 _2rdacontent
_a1
_ba1
337 _2rdamedia
_a2
_b5
338 _2rdacarrier
_a2
_b5
650 7 _aRitos y ceremonias fúnebres
_9402
653 _aGilgamesh
653 _aInterpretación de la Biblia A.T.
653 _aDiluvio universal
942 _cBK
999 _c33030
_d33030